| 000 | 00520nam a2200205Ia 4500 | ||
|---|---|---|---|
| 003 | 0100 | ||
| 008 | 130303s9999 xx 000 0 und d | ||
| 020 | _a0938060341 | ||
| 040 | _cARRUPELIB | ||
| 050 | _aB765.A83M634 1986 | ||
| 100 | _aHopkins, Jasper | ||
| 245 | 2 | _aA new, interpretive translation of St. Anselm's monologion and proslogion | |
| 260 | _aMinneapolis | ||
| 260 | _bArthur J. Banning Press | ||
| 260 | _C1986 | ||
| 300 | _a343p. | ||
| 300 | _b 23cm | ||
| 700 | _aAnselm, St | ||
| 942 |
_2lcc _02 |
||
| 999 |
_c59978 _d59978 |
||